[Event "ESA-ch"]
[Site "San Salvador"]
[Date "2003.??.??"]
[Round "7"]
[White "Pineda, Boris"]
[Black "Infante Meyer, Salvador"]
[Result "1-0"]
[WhiteElo "2286"]
[BlackElo "2229"]
[PlyCount "105"]
[EventDate "2003.??.??"]
[EventType "swiss"]
[EventRounds "9"]
[EventCountry "ESA"]
[SourceTitle "EXT 2005"]
[Source "ChessBase"]
[SourceDate "2004.11.15"]
[SourceVersion "1"]
[SourceVersionDate "2004.11.15"]
[SourceQuality "1"]

1. d4 d6 2. e4 Nf6 3. Nc3 c6 4. Nf3 Bg4 5. Be2 Nbd7 6. Be3 e5 7. 0-0 Be7 8. a4 0-0 9. Re1 Re8 10. Qd2 Bf8 11. Rad1 Qc7 12. Nh4 Bxe2 13. Rxe2 g6 14. Nf3 Rad8 15. Bh6 Be7 16. h3 Nf8 17. Bxf8 Rxf8 18. Qe3 a6 19. Red2 Rfe8 20. dxe5 dxe5 21. Rxd8 Bxd8 22. Qc5 Nd7 23. Qc4 Nf8 24. Ne2 Kg7 25. Nc1 f6 26. Nb3 b5 27. axb5 axb5 28. Qc3 Be7 29. Nc5 Qa7 30. Nd3 c5 31. b4 c4 32. Ndxe5 fxe5 33. Qxe5+ Kf7 34. Qxb5 Qb8 35. Qxc4+ Kg7 36. b5 Bf6 37. Rd5 Qf4 38. Nd2 Be5 39. g3 Qf7 40. Kg2 Nd7 41. Qd3 Nf6 42. Rc5 Rf8 43. Rxe5 Nd7 44. Qd4 Nxe5 45. Qxe5+ Kh6 46. Qf4+ Qxf4 47. gxf4 Rd8 48. Nf1 Rd4 49. Ne3 Rxe4 50. Kf3 Rb4 51. c4 Rb2 52. Ke4 Rxf2 53. Ng4+ 1-0

[Event "Managua Sub zt 2.3.2"]
[Site "Managua"]
[Date "2001.07.07"]
[Round "8"]
[White "Pineda, Boris"]
[Black "Juarez Flores, Gustavo Enrique"]
[Result "1-0"]
[WhiteElo "2292"]
[BlackElo "2236"]
[PlyCount "72"]
[EventDate "2001.06.30"]
[EventType "swiss"]
[EventRounds "9"]
[EventCountry "NCA"]
[SourceTitle "EXT 2002"]
[Source "ChessBase"]
[SourceDate "2001.11.25"]
[SourceVersion "1"]
[SourceVersionDate "2001.11.25"]
[SourceQuality "1"]

1. Nf3 g6 2. d4 Bg7 3. c4 d6 4. Nc3 Nf6 5. e4 0-0 6. Be2 e5 7. 0-0 Nc6 8. d5 Ne7 9. Ne1 Nd7 10. Nd3 f5 11. f3 Nf6 12. Bd2 f4 13. Rc1 g5 14. c5 Ng6 15. cxd6 cxd6 16. Nf2 h5 17. Nb5 Rf7 18. a4 Bf8 19. Qc2 Ne8 20. Nxa7 Rc7 21. Nc6 bxc6 22. dxc6 Be6 23. b4 g4 24. fxg4 hxg4 25. Bxg4 Bxg4 26. Nxg4 Rh7 27. a5 Raa7 28. h3 Rag7 29. Be1 Qg5 30. Rf3 Kh8 31. b5 d5 32. exd5 Nh4 33. Bxh4 Rxh4 34. Qe2 Bd6 35. b6 Qh5 36. c7 Nxc7 1-0

[Event "Managua Sub zt 2.3.2"]
[Site "Managua"]
[Date "2001.07.04"]
[Round "5"]
[White "Pineda, Boris"]
[Black "Lacayo, Rene"]
[Result "1-0"]
[WhiteElo "2292"]
[BlackElo "2281"]
[PlyCount "85"]
[EventDate "2001.06.30"]
[EventType "swiss"]
[EventRounds "9"]
[EventCountry "NCA"]
[SourceTitle "EXT 2002"]
[Source "ChessBase"]
[SourceDate "2001.11.25"]
[SourceVersion "1"]
[SourceVersionDate "2001.11.25"]
[SourceQuality "1"]

1. c4 e5 2. Nc3 Nc6 3. Nf3 g6 4. d4 exd4 5. Nxd4 Bg7 6. Nxc6 bxc6 7. g3 d6 8. Bg2 Ne7 9. 0-0 0-0 10. Qa4 Bd7 11. c5 d5 12. e4 dxe4 13. Nxe4 Nd5 14. Bg5 f6 15. Bd2 Qe7 16. Rfe1 Qf7 17. Nc3 Rfd8 18. Rad1 f5 19. Bg5 Nxc3 20. bxc3 Re8 21. Qf4 Bxc3 22. Rxe8+ Bxe8 23. Bf1 Qg7 24. Qa4 h6 25. Bxh6 Qf6 26. h4 Kh7 27. Bg5 Qg7 28. Qb3 Bf7 29. Qb7 Qf8 30. Rd7 Kg8 31. Qxc6 Rc8 32. Bc4 Bxc4 33. Qxg6+ Bg7 34. h5 Bf7 35. Qxf5 Bxh5 36. Qe6+ Kh7 37. Bf6 Re8 38. Qf5+ Bg6 39. Qh3+ Kg8 40. Rxg7+ Qxg7 41. Bxg7 Kxg7 42. Qd7+ Kh6 43. Qxc7 1-0

[Event "Managua Sub zt 2.3.2"]
[Site "Managua"]
[Date "2001.06.30"]
[Round "1"]
[White "Pineda, Boris"]
[Black "Sarat, Victor"]
[Result "1-0"]
[WhiteElo "2292"]
[BlackElo "2157"]
[PlyCount "55"]
[EventDate "2001.06.30"]
[EventType "swiss"]
[EventRounds "9"]
[EventCountry "NCA"]
[SourceTitle "EXT 2002"]
[Source "ChessBase"]
[SourceDate "2001.11.25"]
[SourceVersion "1"]
[SourceVersionDate "2001.11.25"]
[SourceQuality "1"]

1. c4 c5 2. Nf3 Nf6 3. g3 Nc6 4. Bg2 e6 5. 0-0 Be7 6. Nc3 a6 7. d4 cxd4 8. Nxd4 Qc7 9. b3 0-0 10. Bb2 Rb8 11. Rc1 Nxd4 12. Qxd4 d6 13. Rfd1 Rd8 14. e4 Qa5 15. h3 Bd7 16. a3 Qh5 17. Qd3 Bc6 18. Ne2 Nd7 19. b4 Bf8 20. Qe3 Ba4 21. Rd2 Rdc8 22. Nc3 Bb3 23. c5 Ne5 24. Ne2 Ba4 25. f4 Qh6 26. Rc3 Nd7 27. cxd6 Rxc3 28. Nxc3 1-0

[Event "Central America-chT 7th"]
[Site "Guatemala City"]
[Date "2001.??.??"]
[Round "5"]
[White "Arias Santana, Mauricio"]
[Black "Pineda, Boris"]
[Result "1-0"]
[WhiteElo "2207"]
[BlackElo "2274"]
[PlyCount "163"]
[EventDate "2001.12.??"]
[EventType "team"]
[EventRounds "5"]
[EventCountry "GUA"]
[SourceTitle "EXT 2003"]
[Source "ChessBase"]
[SourceDate "2002.11.25"]
[SourceVersion "1"]
[SourceVersionDate "2002.11.25"]
[SourceQuality "1"]

1. e4 c5 2. Nf3 e6 3. d4 cxd4 4. Nxd4 Nc6 5. Be2 Nf6 6. Nc3 Qc7 7. 0-0 a6 8. Be3 Be7 9. f4 d6 10. a4 0-0 11. Kh1 Bd7 12. Nb3 Na5 13. Nxa5 Qxa5 14. Qd3 Rac8 15. Bd2 Qc7 16. Bf3 e5 17. f5 b5 18. axb5 axb5 19. Rfc1 Qb7 20. Nd5 Nxd5 21. exd5 Bf6 22. Be4 Ra8 23. Bb4 Qb6 24. Ra3 Rxa3 25. Qxa3 Be7 26. Qd3 Bf6 27. Ra1 Rc8 28. b3 Re8 29. Qe2 h6 30. Bd2 Rc8 31. Qe3 Qd8 32. Qa7 Be8 33. Ba5 Qe7 34. Bb4 Qd8 35. Ra6 Bh4 36. Bd2 Bg5 37. Ba5 Qe7 38. Qxe7 Bxe7 39. Bb4 Rd8 40. g4 h5 41. gxh5 f6 42. Rb6 Kh7 43. Kg2 Bxh5 44. Rxb5 Ra8 45. Ra5 Rb8 46. c3 Bd1 47. Ra7 Bf8 48. Ra3 Kh6 49. Kg3 Be7 50. Ra7 Bf8 51. Ra3 Be7 52. h4 Kh7 53. Kf2 Kh6 54. Kg3 Kh7 55. Kf2 Kh6 56. Ke1 Bg4 57. Ra7 Bf8 58. Ra1 g6 59. fxg6 f5 60. g7 Kxg7 61. Ra7+ Kf6 62. Bc2 Rb6 63. Ba5 Rb8 64. Ra6 Rc8 65. Bb4 Rd8 66. c4 Kf7 67. Bd1 Bh3 68. Bh5+ Kg7 69. Ra7+ Kh6 70. Bf7 Rb8 71. Bd2+ f4 72. b4 Bf5 73. Ke2 Bg4+ 74. Kd3 Bf5+ 75. Kc3 Bg7 76. Kb3 Bf6 77. h5 Kg5 78. Ra1 Kh6 79. b5 Bg5 80. Ra6 Be7 81. Ra7 Bh4 82. Be6 1-0

[Event "San Salvador Agostino"]
[Site "San Salvador"]
[Date "2001.??.??"]
[Round "3"]
[White "Pineda, Boris"]
[Black "Minero Pineda, Sergio"]
[Result "1-0"]
[WhiteElo "2290"]
[BlackElo "2415"]
[PlyCount "111"]
[EventDate "2001.??.??"]
[EventType "tourn"]
[EventRounds "11"]
[EventCountry "ESA"]
[EventCategory "3"]
[SourceTitle "EXT 2003"]
[Source "ChessBase"]
[SourceDate "2002.11.25"]
[SourceVersion "1"]
[SourceVersionDate "2002.11.25"]
[SourceQuality "1"]

1. Nf3 Nf6 2. c4 g6 3. Nc3 Bg7 4. e4 d6 5. d4 0-0 6. Be2 e5 7. 0-0 Nc6 8. d5 Ne7 9. Ne1 Nd7 10. Nd3 f5 11. f3 Nf6 12. b4 a5 13. bxa5 c5 14. dxc6 Nxc6 15. Nb5 fxe4 16. fxe4 Nxe4 17. Be3 Rxa5 18. Nc1 Rxf1+ 19. Bxf1 Bf5 20. Nb3 Ra8 21. Qd5+ Kh8 22. Rd1 Bf8 23. h3 h5 24. a4 Qe7 25. Ra1 Nb4 26. Qd1 Ng3 27. Qf3 Nxf1 28. Rxf1 Bd3 29. Rc1 Rxa4 30. Bg5 Qxg5 31. Qxf8+ Kh7 32. Nxd6 Ra2 33. Qf7+ Kh6 34. Qxb7 Qe3+ 35. Kh1 Rb2 36. Nf7+ Kg7 37. Nxe5+ Kh6 38. Nf7+ Kg7 39. Ng5+ Kf6 40. Nh7+ Ke6 41. Nf8+ Kf6 42. Nh7+ Ke6 43. Qc8+ Kd6 44. Qd8+ Kc6 45. Na5+ Kc5 46. Qc7+ Kd4 47. Qd6+ Ke4 48. Qe6+ Kd4 49. Qb6+ Ke4 50. Qxg6+ Kd4 51. Qb6+ Ke4 52. Nf6+ Kf4 53. Nxh5+ Ke4 54. Qe6+ Kd4 55. Qd6+ Ke4 56. Ng3+ 1-0

[Event "San Salvador Agostino"]
[Site "San Salvador"]
[Date "2001.??.??"]
[Round "8"]
[White "Segura, Javier"]
[Black "Pineda, Boris"]
[Result "1/2-1/2"]
[WhiteElo "2220"]
[BlackElo "2290"]
[PlyCount "55"]
[EventDate "2001.??.??"]
[EventType "tourn"]
[EventRounds "11"]
[EventCountry "ESA"]
[EventCategory "3"]
[SourceTitle "EXT 2003"]
[Source "ChessBase"]
[SourceDate "2002.11.25"]
[SourceVersion "1"]
[SourceVersionDate "2002.11.25"]
[SourceQuality "1"]

1. e4 c5 2. Nf3 e6 3. d4 cxd4 4. Nxd4 Nc6 5. Be3 Nf6 6. Bd3 Qc7 7. 0-0 a6 8. a4 d5 9. Nd2 Bd6 10. h3 Nxd4 11. Bxd4 e5 12. Be3 d4 13. Bg5 h6 14. Bxf6 gxf6 15. Rc1 Be6 16. c3 Qd7 17. Nc4 Bc5 18. Qf3 Ke7 19. b4 Ba7 20. cxd4 Bxd4 21. Ne3 Rac8 22. Nd5+ Bxd5 23. exd5 Qd6 24. b5 a5 25. Bf5 Rc5 26. Rxc5 Bxc5 27. Rc1 b6 28. Rc2 1/2-1/2

[Event "San Salvador-ch playoff"]
[Site "San Salvador"]
[Date "2000.??.??"]
[Round "1"]
[White "Leyva, Hector"]
[Black "Pineda, Boris"]
[Result "1-0"]
[WhiteElo "2410"]
[BlackElo "2295"]
[PlyCount "75"]
[EventDate "2000.??.??"]
[EventType "match"]
[EventRounds "4"]
[EventCountry "ESA"]
[SourceTitle "EXT 2001"]
[Source "ChessBase"]
[SourceDate "2000.11.22"]
[SourceVersion "1"]
[SourceVersionDate "2000.11.22"]
[SourceQuality "1"]

1. d4 Nf6 2. Nf3 e6 3. c4 d5 4. Nc3 Be7 5. Bg5 h6 6. Bh4 0-0 7. e3 Nbd7 8. cxd5 exd5 9. Bd3 Re8 10. 0-0 c6 11. Qc2 Ne4 12. Bxe4 Bxh4 13. Bh7+ Kh8 14. Nxh4 Qxh4 15. Bd3 Nf6 16. Rae1 Bd7 17. f3 Re7 18. Qf2 Qxf2+ 19. Kxf2 Rae8 20. b4 Kg8 21. Re2 Kf8 22. Rfe1 g6 23. g4 Kg7 24. h3 h5 25. g5 Nh7 26. h4 Bf5 27. Bxf5 gxf5 28. b5 Nf8 29. bxc6 bxc6 30. f4 Nd7 31. Na4 Rb8 32. Rc1 Rb4 33. Nb2 Rb6 34. Nd3 Re6 35. Ne5 Nb8 36. Rec2 Ra6 37. Rb1 Rb6 38. Rcb2 1-0

[Event "San Salvador-ch"]
[Site "San Salvador"]
[Date "1998.??.??"]
[Round "4.1"]
[White "Camacho, Roberto"]
[Black "Pineda, Boris"]
[Result "1-0"]
[WhiteElo "2345"]
[BlackElo "2305"]
[PlyCount "89"]
[EventDate "1998.??.??"]
[EventType "k.o."]
[EventRounds "4"]
[EventCountry "ESA"]
[SourceTitle "EXT 2000"]
[Source "ChessBase"]
[SourceDate "1999.11.16"]
[SourceVersion "1"]
[SourceVersionDate "1999.11.16"]
[SourceQuality "1"]

1. e4 c5 2. Nf3 e6 3. c3 Nf6 4. d3 Be7 5. Be2 0-0 6. 0-0 d6 7. Re1 b6 8. Bf1 Bb7 9. Nbd2 Nc6 10. d4 cxd4 11. cxd4 Rc8 12. a3 Nb8 13. Bd3 Nbd7 14. b4 Re8 15. Bb2 Nf8 16. b5 Ng6 17. g3 Bf8 18. a4 e5 19. d5 Rc7 20. Nc4 Qc8 21. Qe2 Qg4 22. Ne3 Qh5 23. Nd2 Qg5 24. Kh1 Bc8 25. a5 Bh3 26. axb6 axb6 27. Ra6 Nh5 28. Rg1 Rb8 29. Nec4 Rc5 30. Nxb6 Ne7 31. Na4 Rc7 32. Rxd6 Nf5 33. Rc6 Rxc6 34. dxc6 Bg4 35. Nf3 Nhxg3+ 36. fxg3 Qh5 37. Kg2 Ra8 38. exf5 Rxa4 39. h4 Ra2 40. Be4 Bxf5 41. Bxf5 Qxf5 42. Ra1 Rxa1 43. Bxa1 e4 44. Ng5 e3 45. Bd4 1-0

[Event "Adelquis Remon Memorial"]
[Site "Cuba"]
[Date "1997.??.??"]
[Round "?"]
[White "Blanco Fernandez, Alvaro"]
[Black "Pineda, Boris"]
[Result "1-0"]
[WhiteElo "2335"]
[BlackElo "2295"]
[PlyCount "80"]
[EventDate "1997.11.??"]
[EventType "tourn"]
[EventRounds "11"]
[EventCountry "CUB"]
[EventCategory "4"]
[SourceTitle "EXT 2000"]
[Source "ChessBase"]
[SourceDate "1999.11.16"]
[SourceVersion "1"]
[SourceVersionDate "1999.11.16"]
[SourceQuality "1"]

1. d4 Nf6 2. Nf3 c5 3. d5 b5 4. Bg5 d6 5. a4 b4 6. Bxf6 exf6 7. Nbd2 g6 8. e3 Bg7 9. Bb5+ Nd7 10. Nc4 Qc7 11. Nfd2 f5 12. e4 0-0 13. exf5 Nf6 14. fxg6 hxg6 15. Ne3 Bb7 16. Qf3 Nd7 17. Bxd7 Qxd7 18. Ndc4 Rae8 19. 0-0 Ba6 20. Rfe1 f5 21. Qf4 Rf6 22. f3 Kf7 23. Na5 Rh8 24. Nec4 Rh5 25. Nc6 g5 26. N4e5+ dxe5 27. Nxe5+ Kg8 28. Nxd7 gxf4 29. Nxf6+ Bxf6 30. Re8+ Kf7 31. Ra8 Bd4+ 32. Kh1 Bc4 33. Rxa7+ Kf6 34. c3 bxc3 35. bxc3 Be3 36. Rb1 Ke5 37. Rb6 Kxd5 38. Rd7+ Ke5 39. a5 Be2 40. c4 Rh8 1-0

[Event "Central America-ch"]
[Site "Mexico City"]
[Date "1997.??.??"]
[Round "?"]
[White "Escobedo Tinajero, Alberto"]
[Black "Pineda, Boris"]
[Result "1-0"]
[WhiteElo "2385"]
[BlackElo "2245"]
[PlyCount "115"]
[EventDate "1997.??.??"]
[EventType "swiss"]
[EventRounds "7"]
[EventCountry "MEX"]
[SourceTitle "EXT 2000"]
[Source "ChessBase"]
[SourceDate "1999.11.16"]
[SourceVersion "1"]
[SourceVersionDate "1999.11.16"]
[SourceQuality "1"]

1. d4 Nf6 2. c4 c5 3. d5 b5 4. cxb5 a6 5. bxa6 Bxa6 6. Nc3 d6 7. g3 g6 8. Nf3 Bg7 9. Bh3 0-0 10. 0-0 Nbd7 11. Re1 Qb6 12. Rb1 Ra7 13. Be3 Qb8 14. b4 Rb7 15. Qa4 Nh5 16. Qxa6 Bxc3 17. Rec1 Bxb4 18. a3 Ra7 19. Qc6 Rc8 20. Qxd7 Rxd7 21. Bxd7 Rc7 22. Bc6 Nf6 23. axb4 cxb4 24. Ra1 Rc8 25. Bd4 b3 26. Rcb1 Qb4 27. Ra4 Qb8 28. Ra3 Qb4 29. Raxb3 Qc4 30. Rc3 Qa2 31. Re1 Rb8 32. Bxf6 exf6 33. Rcc1 Rb2 34. Nd4 Rd2 35. Rcd1 Qb2 36. Rxd2 Qxd2 37. Nf3 Qb2 38. e3 Kg7 39. Nd4 f5 40. Nb5 Qe5 41. f4 Qf6 42. Nd4 Qe7 43. Kf2 Qa7 44. Re2 Qa1 45. Bb5 h5 46. h4 Qh1 47. Nf3 Qc1 48. Rd2 Qc3 49. Be2 Qb3 50. Rd4 Qa2 51. Rc4 Qa5 52. Ng5 Kf8 53. Rc8+ Ke7 54. Rh8 Qxd5 55. Rh7 Qd2 56. Rxf7+ Ke8 57. Rg7 d5 58. Nf3 1-0

[Event "Central America-ch"]
[Site "Mexico City"]
[Date "1997.??.??"]
[Round "?"]
[White "Pineda, Boris"]
[Black "Chavez, Hector Eduardo"]
[Result "1-0"]
[WhiteElo "2245"]
[BlackElo "2090"]
[PlyCount "97"]
[EventDate "1997.??.??"]
[EventType "swiss"]
[EventRounds "7"]
[EventCountry "MEX"]
[SourceTitle "EXT 2000"]
[Source "ChessBase"]
[SourceDate "1999.11.16"]
[SourceVersion "1"]
[SourceVersionDate "1999.11.16"]
[SourceQuality "1"]

1. e4 Nf6 2. e5 Nd5 3. c4 Nb6 4. c5 Nd5 5. Nc3 e6 6. Nxd5 exd5 7. d4 d6 8. cxd6 cxd6 9. Nf3 Nc6 10. Be2 dxe5 11. dxe5 Bb4+ 12. Bd2 Bxd2+ 13. Qxd2 0-0 14. 0-0 Bg4 15. Qf4 Bxf3 16. Bxf3 Qc7 17. Bxd5 Qxe5 18. Qc4 Qd4 19. Qb3 Qb6 20. Qxb6 axb6 21. Rfc1 Nb4 22. Bb3 Nc6 23. Rd1 Rfd8 24. Kf1 Kf8 25. Rac1 Rxd1+ 26. Rxd1 Rd8 27. Rxd8+ Nxd8 28. Ke2 Ke7 29. Kd3 Kd6 30. Kc4 f6 31. Kb5 Kc7 32. Bd5 Nc6 33. Bxc6 bxc6+ 34. Ka6 b5 35. b4 h5 36. h4 g5 37. g3 gxh4 38. gxh4 f5 39. a3 f4 40. f3 Kd6 41. Kb6 Ke5 42. Kxc6 Kd4 43. Kxb5 Ke3 44. Kc6 Kxf3 45. b5 Ke2 46. b6 f3 47. b7 f2 48. b8Q f1Q 49. Qb5+ 1-0

[Event "Central America-ch"]
[Site "Mexico City"]
[Date "1997.??.??"]
[Round "?"]
[White "Pineda, Boris"]
[Black "Guillen Ramirez, Jose Antonio"]
[Result "1-0"]
[WhiteElo "2245"]
[BlackElo "2220"]
[PlyCount "63"]
[EventDate "1997.??.??"]
[EventType "swiss"]
[EventRounds "7"]
[EventCountry "MEX"]
[SourceTitle "EXT 2000"]
[Source "ChessBase"]
[SourceDate "1999.11.16"]
[SourceVersion "1"]
[SourceVersionDate "1999.11.16"]
[SourceQuality "1"]

1. c4 Nf6 2. Nc3 g6 3. e4 d6 4. d4 Bg7 5. Nf3 0-0 6. Be2 Bg4 7. Be3 Nc6 8. 0-0 e5 9. d5 Bxf3 10. Bxf3 Ne7 11. c5 Ne8 12. Be2 f5 13. f3 f4 14. Bf2 h5 15. Rc1 g5 16. a4 Rf6 17. Nb5 a6 18. Na3 Rg6 19. Nc4 Nf6 20. h3 g4 21. fxg4 hxg4 22. Bxg4 Nxg4 23. hxg4 Kf7 24. cxd6 cxd6 25. Bb6 Qh8 26. Rc3 Rh6 27. Qf3 Rg8 28. g5 Rh1+ 29. Kf2 Qh4+ 30. Ke2 Nc8 31. Bf2 Qh5 32. g4 1-0

[Event "Adelquis Remon Memorial"]
[Site "Cuba"]
[Date "1997.??.??"]
[Round "?"]
[White "Pineda, Boris"]
[Black "Vazquez Igarza, Renier"]
[Result "0-1"]
[WhiteElo "2295"]
[BlackElo "2360"]
[PlyCount "82"]
[EventDate "1997.11.??"]
[EventType "tourn"]
[EventRounds "11"]
[EventCountry "CUB"]
[EventCategory "4"]
[SourceTitle "EXT 2000"]
[Source "ChessBase"]
[SourceDate "1999.11.16"]
[SourceVersion "1"]
[SourceVersionDate "1999.11.16"]
[SourceQuality "1"]

1. c4 Nf6 2. Nc3 g6 3. e4 d6 4. d4 Bg7 5. Nf3 0-0 6. Be2 e5 7. 0-0 Nc6 8. d5 Ne7 9. b4 Nh5 10. Re1 f5 11. c5 fxe4 12. Ng5 Nf6 13. Bf4 Bf5 14. a4 Kh8 15. a5 a6 16. b5 axb5 17. Nxb5 h6 18. Ne6 Bxe6 19. dxe6 d5 20. Bf1 Ne8 21. Qb3 Qc8 22. Qh3 Kg8 23. Ra3 Nf5 24. g4 Nd4 25. Nxd4 exd4 26. e7 Rf7 27. Bxh6 Rxe7 28. Qh4 Nf6 29. Bh3 Qf8 30. Bg5 d3 31. Rb3 c6 32. Bf4 Ne8 33. g5 Bd4 34. Bd6 Nxd6 35. cxd6 Rh7 36. Be6+ Kh8 37. Qg3 Re8 38. d7 Rxe6 39. Rxb7 Rxd7 40. Rb8 Rd8 41. Rb7 Kg8 0-1

[Event "Olympiad-32"]
[Site "Yerevan"]
[Date "1996.09.24"]
[Round "8.1"]
[White "Pineda, Boris"]
[Black "Ostos, Julio Eduardo"]
[Result "0-1"]
[WhiteElo "2230"]
[BlackElo "2300"]
[PlyCount "80"]
[EventDate "1996.09.15"]
[EventType "team-swiss"]
[EventRounds "14"]
[EventCountry "ARM"]
[SourceTitle "CBM 055"]
[Source "ChessBase"]
[SourceDate "1996.12.01"]
[SourceVersion "1"]
[SourceVersionDate "1996.12.01"]
[SourceQuality "1"]
[WhiteTeam "El Salvador"]
[BlackTeam "Venezuela"]
[WhiteTeamCountry "ESA"]
[BlackTeamCountry "VEN"]

1. c4 Nf6 2. Nc3 c5 3. g3 g6 4. Bg2 Bg7 5. Nf3 0-0 6. 0-0 d5 7. cxd5 Nxd5 8. Qb3 Nc7 9. d3 Nc6 10. Ne4 b6 11. a3 h6 12. Bd2 Be6 13. Qc2 Nb5 14. e3 Rc8 15. Rfd1 Qd7 16. Be1 Rfd8 17. Qe2 Bb3 18. Rdc1 Nc7 19. Bf1 Be6 20. Bc3 Bxc3 21. bxc3 Bg4 22. Ned2 Qe6 23. d4 Qf5 24. Qd3 Qh5 25. Bg2 e5 26. Qc4 Na5 27. Qa2 exd4 28. cxd4 Bxf3 29. Bxf3 Qf5 30. Be4 Qe6 31. Qxe6 Nxe6 32. d5 Nc7 33. Ra2 Nxd5 34. Bb1 c4 35. Rac2 b5 36. e4 Nc3 37. Rxc3 Rxd2 38. Re1 Nc6 39. Kg2 Ne5 40. h3 a5 0-1